It looks like you're offline.
Open Library logo
additional options menu

MARC record from Internet Archive

LEADER: 01240cam 2200397 a 4500
001 ocm15082902
003 OCoLC
005 20220510072942.0
008 870513r19871975enk d 000 1 eng
040 $aUKM$beng$cUKM$dTOH$dOCLCF$dOCLCQ$dNLE$dOCLCO$dOCLCQ
015 $aGB8705983$2bnb
019 $a877231399
020 $a1851880224$q(cased)
020 $a9781851880225$q(cased)
020 $a0427000726$q(pbk.)
020 $a9780427000722$q(pbk.)
035 $a(OCoLC)15082902$z(OCoLC)877231399
050 14 $aPR6063.I317
082 04 $a823/.914$219
100 1 $aMiles, Keith.
245 10 $aAmbridge summer /$cKeith Miles.
260 $a[London] :$bCrescent,$c1987, ©1975.
300 $a381 pages (large print) ;$c20 cm
336 $atext$btxt$2rdacontent
337 $aunmediated$bn$2rdamedia
338 $avolume$bnc$2rdacarrier
500 $aOriginally published: London : Wingate, 1975.
650 0 $aLarge type books.
650 7 $aLarge type books.$2fast$0(OCoLC)fst00992678
653 $aFiction in English, 1945- - Texts
029 1 $aAU@$b000005248736
029 1 $aNOK$b0855230657
029 1 $aNZ1$b4994261
029 1 $aUNITY$b020120311
994 $aZ0$bP4A
948 $hNO HOLDINGS IN P4A - 29 OTHER HOLDINGS